Statistics for dress up in you-lyrics

Click here to take the quiz!

General Stats

  • This quiz has been taken 32 times
  • The average score is 200 of 302

Answer Stats

Answer% Correct
a
100%
he
100%
i
100%
the
100%
to
100%
up
100%
you
100%
act
75%
actress
75%
an
75%
and
75%
bag
75%
blood
75%
could
75%
could'nt
75%
dismiss
75%
dress
75%
every
75%
from
75%
go
75%
got
75%
had
75%
hand
75%
have
75%
i'm
75%
in
75%
it
75%
it's
75%
loser
75%
made
75%
make
75%
me
75%
men
75%
morning
75%
nearly
75%
now
75%
of
75%
on
75%
out
75%
paper
75%
picture
75%
rant
75%
resume
75%
says
75%
see
75%
signed
75%
so
75%
take
75%
thing
75%
train
75%
understanding
75%
way
75%
we
75%
when
75%
won't
75%
your
75%
you're
75%
after
50%
ain't
50%
airplane
50%
always
50%
are
50%
arrival
50%
as
50%
band
50%
beautiful
50%
blow
50%
by
50%
card
50%
crowd
50%
deal
50%
disappointed
50%
don't
50%
eyebrows
50%
face
50%
faith
50%
fame
50%
fault
50%
for
50%
fuck
50%
get
50%
give
50%
hours
50%
hypocrites
50%
i'd
50%
if
50%
jumpers
50%
keep
50%
knitting
50%
language
50%
little
50%
lot
50%
lucky
50%
miss
50%
money
50%
my
50%
our
50%
places
50%
pluck
50%
plucky
50%
probably
50%
quite
50%
rivals
50%
second
50%
singer
50%
skin
50%
star
50%
stomach
50%
surprised
50%
talk
50%
talking
50%
that
50%
them
50%
there
50%
they
50%
things
50%
thought
50%
too
50%
well
50%
will
50%
wish
50%
with
50%
word
50%
working
50%
you've
50%
about
25%
aggravated
25%
boyfriend
25%
cause
25%
dear
25%
discreet
25%
else
25%
feeling
25%
fixing
25%
hate
25%
here
25%
he's
25%
i've
25%
kept
25%
loved
25%
nails
25%
people's
25%
pile
25%
running
25%
seeing
25%
someome
25%
style
25%
swear
25%
were
25%
would
25%
forget
0%
pain
0%
the essence
0%

Score Distribution

Percentile by Number Answered

Percent of People with Each Score

Your Score History

You have not taken this quiz